000 00436nam a2200169Ia 4500
003 GCL
008 140319s9999 xx 000 0 eng d
040 _aGCL /
_cGCL
082 0 4 _a610.03
_bC C
100 1 _aCOLIN, P. H.
245 1 0 _aCOMPREHENSIVE ENGLISH MEDICAL DICTIONARY /
_cCOLIN, P. H.
260 _a[S.N] :
_bEVANS ،
_c1987
650 0 4 _aDICTIONARIES
650 0 4 _aENGLISH LANGUAGE
650 0 4 _aMEDICINE
942 _2ddc
_cBK
999 _c22194
_d22194